<?xml version="1.0" encoding="UTF-8"?>
<record
    xmlns:xsi="http://www.w3.org/2001/XMLSchema-instance"
    xsi:schemaLocation="http://www.loc.gov/MARC21/slim http://www.loc.gov/standards/marcxml/schema/MARC21slim.xsd"
    xmlns="http://www.loc.gov/MARC21/slim">

  <leader>00903nam a2200205Ia 4500</leader>
  <controlfield tag="003">IN-BaIIA</controlfield>
  <controlfield tag="008">211028s9999    xx            000 0 eng d</controlfield>
  <datafield tag="040" ind1=" " ind2=" ">
    <subfield code="c">IIA Library</subfield>
  </datafield>
  <datafield tag="080" ind1=" " ind2=" ">
    <subfield code="a">524.7(082.1)</subfield>
    <subfield code="b">EXT</subfield>
  </datafield>
  <datafield tag="111" ind1=" " ind2=" ">
    <subfield code="a">Winter School on&#xA0;Extragalactic&#xA0;Energetic&#xA0;Sources</subfield>
    <subfield code="c">india</subfield>
    <subfield code="d">1983 Jan. 10-21</subfield>
    <subfield code="9">14440</subfield>
  </datafield>
  <datafield tag="245" ind1=" " ind2="0">
    <subfield code="a">Extragalactic energetic sources</subfield>
    <subfield code="b">proceedings of the winter school on&#xA0;extragalactic&#xA0;energetic&#xA0;sources, organized by Tata institute of Fundamental Research, January 10-21, 1983</subfield>
    <subfield code="c">edited by V. K. Kapahi                                       </subfield>
  </datafield>
  <datafield tag="260" ind1=" " ind2=" ">
    <subfield code="a">Bangalore</subfield>
    <subfield code="b">Indian Academy of Sciences</subfield>
    <subfield code="c">1985</subfield>
  </datafield>
  <datafield tag="300" ind1=" " ind2=" ">
    <subfield code="a">[various pagings.]</subfield>
  </datafield>
  <datafield tag="650" ind1=" " ind2=" ">
    <subfield code="a">Astronomy and Astrophysics thesaurus</subfield>
  </datafield>
  <datafield tag="650" ind1=" " ind2=" ">
    <subfield code="a">Extragalactic objects</subfield>
    <subfield code="9">3898</subfield>
  </datafield>
  <datafield tag="650" ind1=" " ind2=" ">
    <subfield code="a">Galaxies</subfield>
    <subfield code="9">1286</subfield>
  </datafield>
  <datafield tag="700" ind1=" " ind2=" ">
    <subfield code="a">Kapahi, V. K., ed.</subfield>
    <subfield code="9">14441</subfield>
  </datafield>
  <datafield tag="710" ind1=" " ind2=" ">
    <subfield code="a">Tata Institute of Fundamental Research , Bangalore</subfield>
    <subfield code="9">14442</subfield>
  </datafield>
  <datafield tag="942" ind1=" " ind2=" ">
    <subfield code="c">BK</subfield>
  </datafield>
  <datafield tag="999" ind1=" " ind2=" ">
    <subfield code="c">8607</subfield>
    <subfield code="d">8607</subfield>
  </datafield>
  <datafield tag="952" ind1=" " ind2=" ">
    <subfield code="0">0</subfield>
    <subfield code="1">0</subfield>
    <subfield code="4">0</subfield>
    <subfield code="7">0</subfield>
    <subfield code="a">BAN</subfield>
    <subfield code="b">BAN</subfield>
    <subfield code="c">GEN</subfield>
    <subfield code="d">1986-02-13</subfield>
    <subfield code="l">1</subfield>
    <subfield code="o">524.7(082.1)/ EXT</subfield>
    <subfield code="p">9479</subfield>
    <subfield code="r">2024-05-11</subfield>
    <subfield code="s">2024-04-19</subfield>
    <subfield code="w">1986-02-13</subfield>
    <subfield code="y">BK</subfield>
  </datafield>
</record>
